00220nam a2200097Ia 4500008004100000041001200041100001300053245004400066260000600110650000600116221030s9999 xx 000 0 und d aEnglish aS. white 0aDigital Signal Processingcby S. white c0 aB